Obras de la gloriosa madre Santa Teresa de Jesús... (Record no. 166166)
[ view plain ]
| 000 -LEADER | |
|---|---|
| campo de control de longitud fija | 01225nam a2200265 i 4500 |
| 001 - NÚMERO DE CONTROL | |
| campo de control | 166166 |
| 003 - IDENTIFICADOR DE NÚMERO DE CONTROL | |
| campo de control | ES-MaACL |
| 005 - FECHA Y HORA DE LA ÚLTIMA TRANSACCIÓN | |
| campo de control | 20230906213257.0 |
| 008 - DATOS DE LONGITUD FIJA--INFORMACIÓN GENERAL | |
| campo de control de longitud fija | 931025s1778 sp a |||| | spa d |
| 100 0# - ENTRADA PRINCIPAL--NOMBRE DE PERSONA | |
| Nombre de persona | Teresa de Jesús, |
| Títulos y otros términos asociados al nombre | Santa, |
| Fechas asociadas al nombre | 1515-1582 |
| 9 (RLIN) | 226510 |
| 245 10 - MENCIÓN DEL TÍTULO | |
| Título | Obras de la gloriosa madre Santa Teresa de Jesús... |
| 260 ## - PUBLICACIÓN, DISTRIBUCIÓN, ETC. | |
| Lugar de publicación, distribución, etc. | En Madrid : |
| Nombre del editor, distribuidor, etc. | en la Imprenta de Josef Doblado, |
| Fecha de publicación, distribución, etc. | 1778. |
| 300 ## - DESCRIPCIÓN FÍSICA | |
| Extensión | [12], 612, LXIII p., [5] h. de grab. ; |
| Dimensiones | 4º mayor (26 cm) |
| 505 8# - NOTA DE CONTENIDO CON FORMATO | |
| Nota de contenido con formato | Contiene: Las moradas o Castillo interior |
| 530 ## - NOTA DISPONIBLE DE FORMULARIO FÍSICO ADICIONAL | |
| Nota de formato físico adicional disponible | Disponible en formato digital. |
| 594 ## - Nota al título y mención de responsabilidad | |
| Nota al título y mención de responsabilidad | En antep.: Obras ... de Santa Teresa de Jesus. Tomo II. |
| 597 ## - NOTA DE DESCRIPCIÓN FÍSICA | |
| NOTA DE DESCRIPCIÓN FÍSICA | Port. a dos tintas con viñeta xil. |
| 597 ## - NOTA DE DESCRIPCIÓN FÍSICA | |
| NOTA DE DESCRIPCIÓN FÍSICA | Sign.: [ ]2, a4, A-Z4, 2A-2Z4, 3A-3Z4, 4A-4G4, 4H2, 4I-4Q4. |
| 599 ## - NOTA A LAS ILUSTRACIONES | |
| NOTA A LAS ILUSTRACIONES | Las [5] h. de grab. son calc.: "I\ps\s á Palom.º Sculp.", entre p. [2] y [3], [12] y 1, 232 y 233, [496] y [497], 524 y [525] |
| 650 ## - PUNTO DE ACCESO ADICIONAL DE MATERIA--TÉRMINO DE MATERIA | |
| Término de materia o nombre geográfico como elemento de entrada | Misticismo. |
| 9 (RLIN) | 15086 |
| 740 32 - ENTRADA AGREGADA--TÍTULO RELACIONADO/ANALÍTICO NO CONTROLADO | |
| Título relacionado o analítico no controlado | Las moradas o Castillo interior. |
| 852 ## - LOCALIZACIÓN | |
| Ubicación | ES-MaACL |
| Número de control de estantería | R-197-198 |
| Nota libre | - Enc. pasta española |
| Encuadernación | Olim: B-81-82 |
| 856 ## - LOCALIZACIÓN Y ACCESO ELECTRÓNICOS | |
| Identificador Uniforme de Recursos | <a href="http://hdl.handle.net/10347/1517 ">http://hdl.handle.net/10347/1517 </a> |
| Nota pública | Repositorio Institucional da Universidade de Santiago de Compostela |
| Estatus retirado | Estado de pérdida | Estado de daño | No para préstamo | Colección | Biblioteca de origen | Biblioteca actual | Ubicación en estantería | Fecha de adquisición | Total de préstamos | Signatura topográfica completa | Código de barras | Visto por última vez | Precio de reemplazo | Tipo de ítem Koha |
|---|---|---|---|---|---|---|---|---|---|---|---|---|---|---|
| Colección digital | Biblioteca del Ateneo de Madrid | Biblioteca del Ateneo de Madrid | Depósito | 17/01/2008 | R-197-198 | 1174265 | 23/02/2023 | 23/02/2023 | Libro impreso antiguo |
